000 01085cam a22003255a 4500
001 11305558
003 EG-ScBUE
005 20220427113040.0
008 120510s2013 enka f bd 1 0 eng d
020 _a9781444163100
040 _aNhCcYBP
_beng
_erda
_cNhCcYBP
_dEG-ScBUE
082 0 4 _a418
_bMIT
_222
100 1 _aMitchell, Rosamond,
_eauthor.
_938371
245 1 0 _aSecond language learning theories /
_cRosamond Mitchell, Florence Myles, Emma Marsden.
250 _aThird edition.
264 1 _aLondon ;
_aNew York :
_bRoutledge,
_c2013.
300 _axvii, 379 pages :
_billustrations ;
_c24 cm
336 _2rdacontent
_atext
_btxt
337 _2rdamedia
_aunmediated
_bn
338 _2rdacarrier
_avolume
_bnc
500 _aIncludes glossary.
504 _aIncludes bibliographical references and index.
650 7 _95392
_aSecond language acquisition.
_2BUEsh
651 _2BUEsh
653 _cAugust2015
_bHHUUEENN
655 _vReading book
_934232
700 1 _aMyles, Florence,
_eauthor.
_941108
700 1 _aMarsden, Emma,
_eauthor.
942 _2ddc
_k418 MIT
_cBB
999 _c20523
_d20495